000 00993nam a2200289 i 4500
001 169043
003 ES-MaACL
005 20250812062531.0
008 080804s1953 sp f |||| | spa d
080 _a341.123
080 _a325.8
080 _a341.221.3
100 1 _aBustamante y Rivero, José Luis.
_932884
245 1 3 _aLa O.N.U. y los territorios dependientes /
_cJosé Luis Bustamante y Rivero.
260 _aMadrid :
_bAteneo,
_c1953.
300 _a45 p. :
_b1 lám. ;
_c19 cm.
490 1 _aColección "O crece o muere" ;
_v45
500 _aEl original fue dado a conocer por el autor en el Ateneo de Madrid, el día 11 de marzo de 1953.
610 2 7 _aAteneo de Madrid-
_vConferencias-
_y1940-1982.
_91908
610 2 7 _aNaciones Unidas.
_95955
650 0 4 _aDescolonización.
_911823
650 0 4 _aProtectorados.
_916516
830 0 0 _aColección "O crece o muere"
_v45
_9183476
852 _aES-MaACL
_jJ-24(45)
852 _aES-MaACL
_jJ-24(45)
999 _c169043
_d169043